MARC details
| 000 -LEADER |
| fixed length control field |
01237nam a2200301 a 4500 |
| 008 - FIXED-LENGTH DATA ELEMENTS--GENERAL INFORMATION |
| fixed length control field |
120416s2005 ||||||||||||||||| || u |
| 020 ## - INTERNATIONAL STANDARD BOOK NUMBER |
| International Standard Book Number |
0470022159 |
| 050 ## - LIBRARY OF CONGRESS CALL NUMBER |
| Classification number |
HD 6955 Ess |
| 100 ## - MAIN ENTRY--PERSONAL NAME |
| Personal name |
Holman, David (David J.) |
| 245 14 - TITLE STATEMENT |
| Title |
The essentials of the new workplace |
| Statement of responsibility, etc. |
edited by David Holman [and others] |
| 246 ## - VARYING FORM OF TITLE |
| Title proper/short title |
a guide to the human impact of modern working practices |
| 260 ## - PUBLICATION, DISTRIBUTION, ETC. |
| Place of publication, distribution, etc. |
West Sussex |
| Name of publisher, distributor, etc. |
John Wiley and Sons |
| Date of publication, distribution, etc. |
2005. |
| 300 ## - PHYSICAL DESCRIPTION |
| Extent |
xii, 255 p. |
| 350 ## - PRICE (NR) (BK AM CF MU VM SE) [OBSOLETE] |
| Price |
0.00 |
| 500 ## - GENERAL NOTE |
| General note |
Rev. ed. of: The new workplace. 2003. -Includes bibliographical references and indexes. |
| 650 #0 - SUBJECT ADDED ENTRY--TOPICAL TERM |
| Topical term or geographic name entry element |
PSYCHOLOGY--INDUSTRIAL |
| 650 ## - SUBJECT ADDED ENTRY--TOPICAL TERM |
| Topical term or geographic name entry element |
Human-machine systems |
| 650 ## - SUBJECT ADDED ENTRY--TOPICAL TERM |
| Topical term or geographic name entry element |
WORK ENVIRONMENT |
| 650 #0 - SUBJECT ADDED ENTRY--TOPICAL TERM |
| Topical term or geographic name entry element |
JOB SATISFACTION |
| 650 #0 - SUBJECT ADDED ENTRY--TOPICAL TERM |
| Topical term or geographic name entry element |
QUALITY OF WORK LIFE |
| 650 ## - SUBJECT ADDED ENTRY--TOPICAL TERM |
| Topical term or geographic name entry element |
INDUSTRY |
| 650 #0 - SUBJECT ADDED ENTRY--TOPICAL TERM |
| Topical term or geographic name entry element |
INDUSTRIAL RELATIONS |
| 650 ## - SUBJECT ADDED ENTRY--TOPICAL TERM |
| Topical term or geographic name entry element |
WORK DESIGN |
| 856 ## - ELECTRONIC LOCATION AND ACCESS |
| Uniform Resource Identifier |
<a href="http://www.loc.gov/catdir/enhancements/fy0616/2004016048-d.html">http://www.loc.gov/catdir/enhancements/fy0616/2004016048-d.html</a> |
| 856 ## - ELECTRONIC LOCATION AND ACCESS |
| Uniform Resource Identifier |
<a href="http://www.loc.gov/catdir/enhancements/fy0616/2004016048-b.html">http://www.loc.gov/catdir/enhancements/fy0616/2004016048-b.html</a> |
| 856 ## - ELECTRONIC LOCATION AND ACCESS |
| Uniform Resource Identifier |
<a href="http://www.loc.gov/catdir/toc/ecip0420/2004016048.html">http://www.loc.gov/catdir/toc/ecip0420/2004016048.html</a> |
| 995 ## - RECOMMENDATION 995 [LOCAL, UNIMARC FRANCE] |
| -- |
0.00 |
| -- |
CBU-MAIN LIBRARY (Kitwe) |
| -- |
1 |
| -- |
17.50 |
| -- |
1 |
| -- |
AVAILABLE |
| -- |
Main Library Open Access Collection |